| 000 | 011950000a22003130004500 | ||
|---|---|---|---|
| 003 | EG-GICUC | ||
| 005 | 20250223025053.0 | ||
| 008 | 071117s2001 ua d f m 000 0 eng d | ||
| 040 |
_aEG-GICUC _beng _cEG-GICUC |
||
| 041 | 0 | _aEng | |
| 049 | _aDeposite | ||
| 097 | _aPh.D | ||
| 099 | _aCai01.13.05.Ph.D.2001.Ah.C | ||
| 100 | 0 | _aAhmed Hassan Ali | |
| 245 | 1 | 0 |
_aCharacterization of asphalt pavement materials using fracture mechanics approach / _cAhmed Hassan Ali ; Supervised Laila S.Radwan , Hozayen A.H.Hozayen |
| 246 | 1 | 5 | _aتحديد خصائص مواد الرصف الاسفلتى باستخدام تكنولوجيا ميكانيكا التهشم |
| 260 |
_aCairo : _bAhmed Hassan Ali , _c2001 |
||
| 300 |
_a182P. : _bcharts ; _c30cm |
||
| 502 | _aThesis (Ph.D.) - Cairo University - Faculty Of Engineering - Department Of Civil Engineering | ||
| 653 | 4 | _aAsphalt pavement | |
| 653 | 4 | _aAsphalt pavement materials | |
| 653 | 4 | _aFracture | |
| 700 | 0 |
_aHozayen Ahmed Hozayen , _eSupervisor |
|
| 700 | 0 |
_aLaila Salaheldeen Radwan , _eSupervisor |
|
| 856 | _uhttp://172.23.153.220/th.pdf | ||
| 905 |
_aMustafa _eRevisor |
||
| 905 |
_aNazla _eCataloger |
||
| 942 |
_2ddc _cTH |
||
| 999 |
_c4955 _d4955 |
||